Associez ces villes du Québec aléatoires à leur région administrative - Statistiques

Statistiques générales
  • Ce quiz a été pris 22 fois
  • Le résultat moyen est 11 sur 20
Statistiques - réponses
Ville Région administrative % Correct
Senneterre Abitibi-Témiscamingue
100%
Matane Bas-Saint-Laurent
100%
Métis-sur-Mer Bas-Saint-Laurent
100%
Rimouski Bas-Saint-Laurent
100%
Trois-Pistoles Bas-Saint-Laurent
100%
Baie-Saint-Paul Capitale-Nationale
100%
Saint-Augustin-de-Desmaures Capitale-Nationale
100%
Sainte-Anne-de-Beaupré Capitale-Nationale
100%
Sainte-Brigitte-de-Laval Capitale-Nationale
100%
Sainte-Catherine-de-la-Jacques-Cartier Capitale-Nationale
100%
Saint-Raymond Capitale-Nationale
100%
Daveluyville Centre-du-Québec
100%
Lévis Chaudière-Appalaches
100%
Saint-Pamphile Chaudière-Appalaches
100%
Thetford Mines Chaudière-Appalaches
100%
Bedford Estrie
100%
Bromont Estrie
100%
Coaticook Estrie
100%
East Angus Estrie
100%
Granby Estrie
100%
Magog Estrie
100%
Sherbrooke Estrie
100%
Windsor Estrie
100%
New Richmond Gaspésie–Îles-de-la-Madeleine
100%
Percé Gaspésie–Îles-de-la-Madeleine
100%
Sainte-Anne-des-Monts Gaspésie–Îles-de-la-Madeleine
100%
Joliette Lanaudière
100%
Repentigny Lanaudière
100%
Saint-Lin–Laurentides Lanaudière
100%
Deux-Montagnes Laurentides
100%
Mont-Laurier Laurentides
100%
Rosemère Laurentides
100%
Sainte-Agathe-des-Monts Laurentides
100%
Saint-Sauveur Laurentides
100%
Belœil Montérégie
100%
Boucherville Montérégie
100%
Candiac Montérégie
100%
Chambly Montérégie
100%
Châteauguay Montérégie
100%
Coteau-du-Lac Montérégie
100%
Delson Montérégie
100%
Hudson Montérégie
100%
Longueuil Montérégie
100%
Mont-Saint-Hilaire Montérégie
100%
Saint-Basile-le-Grand Montérégie
100%
Saint-Constant Montérégie
100%
Sainte-Julie Montérégie
100%
Saint-Jean-sur-Richelieu Montérégie
100%
Saint-Rémi Montérégie
100%
Sorel-Tracy Montérégie
100%
Vaudreuil-Dorion Montérégie
100%
Baie-D'Urfé Montréal
100%
Dollard-Des Ormeaux Montréal
100%
Montréal Montréal
100%
Montréal-Est Montréal
100%
Mont-Royal Montréal
100%
Pointe-Claire Montréal
100%
Westmount Montréal
100%
Chibougamau Nord-du-Québec
100%
Matagami Nord-du-Québec
100%
Gracefield Outaouais
100%
Alma Saguenay–Lac-Saint-Jean
100%
Dolbeau-Mistassini Saguenay–Lac-Saint-Jean
100%
Métabetchouan–Lac-à-la-Croix Saguenay–Lac-Saint-Jean
100%
Roberval Saguenay–Lac-Saint-Jean
100%
Saguenay Saguenay–Lac-Saint-Jean
100%
Duparquet Abitibi-Témiscamingue
67%
La Sarre Abitibi-Témiscamingue
67%
Macamic Abitibi-Témiscamingue
67%
Drummondville Centre-du-Québec
67%
Saint-Joseph-de-Beauce Chaudière-Appalaches
67%
Danville Estrie
67%
Valcourt Estrie
67%
Berthierville Lanaudière
67%
Varennes Montérégie
67%
Hampstead Montréal
67%
Normandin Saguenay–Lac-Saint-Jean
67%
Kirkland Montréal
60%
Rouyn-Noranda Abitibi-Témiscamingue
50%
Val-d'Or Abitibi-Témiscamingue
50%
Clermont Capitale-Nationale
50%
L'Ancienne-Lorette Capitale-Nationale
50%
Pont-Rouge Capitale-Nationale
50%
Saint-Marc-des-Carrières Capitale-Nationale
50%
Nicolet Centre-du-Québec
50%
Plessisville Centre-du-Québec
50%
Disraeli Chaudière-Appalaches
50%
Sainte-Marie Chaudière-Appalaches
50%
Fermont Côte-Nord
50%
Forestville Côte-Nord
50%
Cowansville Estrie
50%
Richmond Estrie
50%
Bonaventure Gaspésie–Îles-de-la-Madeleine
50%
Saint-Charles-Borromée Lanaudière
50%
Terrebonne Lanaudière
50%
Barkmere Laurentides
50%
Blainville Laurentides
50%
Boisbriand Laurentides
50%
Brownsburg-Chatham Laurentides
50%
Saint-Tite Mauricie
50%
Shawinigan Mauricie
50%
Mercier Montérégie
50%
Rigaud Montérégie
50%
Saint-Lambert Montérégie
50%
Saint-Lazare Montérégie
50%
Saint-Ours Montérégie
50%
Salaberry-de-Valleyfield Montérégie
50%
Dorval Montréal
50%
Saint-Félicien Saguenay–Lac-Saint-Jean
50%
Baie-Comeau Côte-Nord
33%
Grande-Rivière Gaspésie–Îles-de-la-Madeleine
33%
Lorraine Laurentides
33%
Mirabel Laurentides
33%
L'Île-Perrot Montérégie
33%
Amos Abitibi-Témiscamingue
25%
Rivière-Rouge Laurentides
25%
Belleterre Abitibi-Témiscamingue
0%
Malartic Abitibi-Témiscamingue
0%
Témiscaming Abitibi-Témiscamingue
0%
Ville-Marie Abitibi-Témiscamingue
0%
Amqui Bas-Saint-Laurent
0%
Causapscal Bas-Saint-Laurent
0%
Dégelis Bas-Saint-Laurent
0%
La Pocatière Bas-Saint-Laurent
0%
Mont-Joli Bas-Saint-Laurent
0%
Pohénégamook Bas-Saint-Laurent
0%
Rivière-du-Loup Bas-Saint-Laurent
0%
Saint-Antonin Bas-Saint-Laurent
0%
Saint-Pascal Bas-Saint-Laurent
0%
Témiscouata-sur-le-Lac Bas-Saint-Laurent
0%
Beaupré Capitale-Nationale
0%
Cap-Santé Capitale-Nationale
0%
Château-Richer Capitale-Nationale
0%
Donnacona Capitale-Nationale
0%
Fossambault-sur-le-Lac Capitale-Nationale
0%
Lac-Delage Capitale-Nationale
0%
Lac-Saint-Joseph Capitale-Nationale
0%
Lac-Sergent Capitale-Nationale
0%
La Malbaie Capitale-Nationale
0%
Neuville Capitale-Nationale
0%
Portneuf Capitale-Nationale
0%
Québec Capitale-Nationale
0%
Saint-Basile Capitale-Nationale
0%
Shannon Capitale-Nationale
0%
Bécancour Centre-du-Québec
0%
Kingsey Falls Centre-du-Québec
0%
Princeville Centre-du-Québec
0%
Victoriaville Centre-du-Québec
0%
Warwick Centre-du-Québec
0%
Beauceville Chaudière-Appalaches
0%
Montmagny Chaudière-Appalaches
0%
Saint-Georges Chaudière-Appalaches
0%
Port-Cartier Côte-Nord
0%
Schefferville Côte-Nord
0%
Sept-Îles Côte-Nord
0%
Cookshire-Eaton Estrie
0%
Dunham Estrie
0%
Farnham Estrie
0%
Lac-Brome Estrie
0%
Lac-Mégantic Estrie
0%
Scotstown Estrie
0%
Stanstead Estrie
0%
Sutton Estrie
0%
Val-des-Sources Estrie
0%
Waterloo Estrie
0%
Waterville Estrie
0%
Cap-Chat Gaspésie–Îles-de-la-Madeleine
0%
Carleton-sur-Mer Gaspésie–Îles-de-la-Madeleine
0%
Chandler Gaspésie–Îles-de-la-Madeleine
0%
Gaspé Gaspésie–Îles-de-la-Madeleine
0%
Murdochville Gaspésie–Îles-de-la-Madeleine
0%
Paspébiac Gaspésie–Îles-de-la-Madeleine
0%
Charlemagne Lanaudière
0%
L'Assomption Lanaudière
0%
L'Épiphanie Lanaudière
0%
Lavaltrie Lanaudière
0%
Mascouche Lanaudière
0%
Notre-Dame-des-Prairies Lanaudière
0%
Saint-Gabriel Lanaudière
0%
Bois-des-Filion Laurentides
0%
Estérel Laurentides
0%
Lachute Laurentides
0%
Mont-Tremblant Laurentides
0%
Prévost Laurentides
0%
Saint-Colomban Laurentides
0%
Sainte-Adèle Laurentides
0%
Sainte-Anne-des-Plaines Laurentides
0%
Sainte-Marguerite-du-Lac-Masson Laurentides
0%
Sainte-Marthe-sur-le-Lac Laurentides
0%
Sainte-Thérèse Laurentides
0%
Saint-Eustache Laurentides
0%
Saint-Jérôme Laurentides
0%
Laval Laval
0%
La Tuque Mauricie
0%
Louiseville Mauricie
0%
Trois-Rivières Mauricie
0%
Acton Vale Montérégie
0%
Beauharnois Montérégie
0%
Brossard Montérégie
0%
Carignan Montérégie
0%
Contrecœur Montérégie
0%
Huntingdon Montérégie
0%
L'Île-Cadieux Montérégie
0%
La Prairie Montérégie
0%
Léry Montérégie
0%
Marieville Montérégie
0%
McMasterville Montérégie
0%
Notre-Dame-de-l'Île-Perrot Montérégie
0%
Otterburn Park Montérégie
0%
Pincourt Montérégie
0%
Richelieu Montérégie
0%
Saint-Amable Montérégie
0%
Saint-Bruno-de-Montarville Montérégie
0%
Saint-Césaire Montérégie
0%
Sainte-Catherine Montérégie
0%
Saint-Hyacinthe Montérégie
0%
Saint-Joseph-de-Sorel Montérégie
0%
Saint-Philippe Montérégie
0%
Saint-Pie Montérégie
0%
Saint-Zotique Montérégie
0%
Beaconsfield Montréal
0%
Côte-Saint-Luc Montréal
0%
L'Île-Dorval Montréal
0%
Montréal-Ouest Montréal
0%
Sainte-Anne-de-Bellevue Montréal
0%
Chapais Nord-du-Québec
0%
Lebel-sur-Quévillon Nord-du-Québec
0%
Gatineau Outaouais
0%
Maniwaki Outaouais
0%
Thurso Outaouais
0%
Desbiens Saguenay–Lac-Saint-Jean
0%
Saint-Honoré Saguenay–Lac-Saint-Jean
0%
Aucun quiz correspondant
Distribution des résultats
% des personnes avec chaque résultat
Percentile par nombre de réponses
Votre historique - résultats
Vous n’avez pas pris ce quiz